ARRUPE JESUIT UNIVERSITY

CORONAVIRUS -STOP THE SPREAD - CLEAN,DISINFECT,COVER

Freedom's children / (Record no. 118999)

MARC details
000 -LEADER
fixed length control field 00782cam a2200265 a 4500
001 - CONTROL NUMBER
control field 1726106
003 - CONTROL NUMBER IDENTIFIER
control field ARRUPE
005 - DATE AND TIME OF LATEST TRANSACTION
control field 20131203172620.0
008 - FIXED-LENGTH DATA ELEMENTS--GENERAL INFORMATION
fixed length control field 960816s1995 enka b 000 0 eng d
020 ## - INTERNATIONAL STANDARD BOOK NUMBER
International Standard Book Number 1898309272
035 ## - SYSTEM CONTROL NUMBER
System control number (OCoLC)35252725
035 ## - SYSTEM CONTROL NUMBER
System control number (OCoLC)ocm35252725
035 ## - SYSTEM CONTROL NUMBER
System control number (NNC)1726106
040 ## - CATALOGING SOURCE
Original cataloging agency WU
Transcribing agency WU
Modifying agency MH
-- CStRLIN
050 #4 - LIBRARY OF CONGRESS CALL NUMBER
Classification number HD4905.W686
300 ## - PHYSICAL DESCRIPTION
Other physical details ill. ;
Dimensions 21 cm.
100 1# - MAIN ENTRY--PERSONAL NAME
Personal name Wilkinson, Helen.
9 (RLIN) 4870
245 10 - TITLE STATEMENT
Title Freedom's children /
Statement of responsibility, etc Helen Wilkinson and Geoff Mulgan.
260 ## - PUBLICATION, DISTRIBUTION, ETC. (IMPRINT)
Place of publication, distribution, etc London :
Name of publisher, distributor, etc Demos,
Date of publication, distribution, etc 1995.
300 ## - PHYSICAL DESCRIPTION
Extent 160 p. :
504 ## - BIBLIOGRAPHY, ETC. NOTE
Bibliography, etc Includes bibliographical references (p. 153-157)
650 #0 - SUBJECT ADDED ENTRY--TOPICAL TERM
Topical term or geographic name as entry element Young adults
Geographic subdivision Great Britain
General subdivision Social conditions.
9 (RLIN) 4871
700 1# - ADDED ENTRY--PERSONAL NAME
Personal name Mulgan, Geoff.
9 (RLIN) 4872
942 ## - ADDED ENTRY ELEMENTS (KOHA)
Source of classification or shelving scheme Library of Congress Classification
Koha item type Monograph ( Printed materials)
Holdings
Withdrawn status Lost status Source of classification or shelving scheme Damaged status Not for loan Home library Current library Shelving location Date acquired Total Checkouts Full call number Barcode Date last seen Price effective from Koha item type
    Library of Congress Classification     ARRUPE LIBRARY ARRUPE LIBRARY Main Collection 03/12/2013   HD4905.W686 464123581 03/12/2013 03/12/2013 Monograph ( Printed materials)

 

Arrupe Library. PO Box MP320 Mt Pleasant, Harare, Zimbabwe
263 242 745411|librarian@aju.ac.zw